|
|
|
|
| LEADER |
00000nam0a2200000 4500 |
| 001 |
324994 |
| 005 |
20231102003724.0 |
| 035 |
|
|
|a (RuTPU)RU\TPU\book\350605
|
| 090 |
|
|
|a 324994
|
| 100 |
|
|
|a 20161125d1980 km y0rusy50 ca
|
| 101 |
0 |
|
|a rus
|
| 102 |
|
|
|a RU
|
| 105 |
|
|
|a a g 001zy
|
| 200 |
1 |
|
|a Системы производственной радиосвязи
|e справочник
|f Г. М. Мясковский
|g под ред. И. М. Пышкина
|
| 210 |
|
|
|a Москва
|c Связь
|d 1980
|
| 215 |
|
|
|a 217 с.
|c ил.
|
| 320 |
|
|
|a Библиогр.: с. 214-216
|
| 606 |
1 |
|
|a Промышленные предприятия
|x Вспомогательные цехи
|x Организация производства
|2 stltpush
|3 (RuTPU)RU\TPU\subj\52593
|9 71005
|
| 610 |
1 |
|
|a производство
|
| 610 |
1 |
|
|a радиосвязь
|
| 610 |
1 |
|
|a применение
|
| 610 |
1 |
|
|a системы
|
| 610 |
1 |
|
|a методология
|
| 610 |
1 |
|
|a качество
|
| 610 |
1 |
|
|a оценка
|
| 610 |
1 |
|
|a расчеты
|
| 610 |
1 |
|
|a принятие
|
| 610 |
1 |
|
|a справочники
|
| 675 |
|
|
|a 658.28(035)
|v 4
|
| 700 |
|
1 |
|a Мясковский
|b Г. М.
|g Гарри Михайлович
|
| 702 |
|
1 |
|a Пышкин
|b И. М.
|4 340
|
| 801 |
|
1 |
|a RU
|b 63413507
|c 20161125
|
| 801 |
|
2 |
|a RU
|b 63413507
|c 20161202
|g RCR
|
| 942 |
|
|
|c BK
|